Nutritive values of fruits, vegetables, & nuts and food cures. (Record no. 55029)

MARC details
000 -LEADER
fixed length control field 00620cam a22002291 4500
001 - CONTROL NUMBER
control field sa 63003334
003 - CONTROL NUMBER IDENTIFIER
control field DLC
005 - DATE AND TIME OF LATEST TRANSACTION
control field 20260227111941.0
008 - FIXED-LENGTH DATA ELEMENTS--GENERAL INFORMATION
fixed length control field 751106s1962 xx 000 0 eng
010 ## - LIBRARY OF CONGRESS CONTROL NUMBER
LC control number sa 63003334
035 ## - SYSTEM CONTROL NUMBER
System control number (OCoLC)1813699
040 ## - CATALOGING SOURCE
Original cataloging agency DLC
Transcribing agency ViU
Modifying agency DLC
042 ## - AUTHENTICATION CODE
Authentication code premarc
050 00 - LIBRARY OF CONGRESS CALL NUMBER
Classification number TX557
Item number .U55
100 1# - MAIN ENTRY--PERSONAL NAME
Personal name Usmani, Shaukat.
245 10 - TITLE STATEMENT
Title Nutritive values of fruits, vegetables, & nuts and food cures.
250 ## - EDITION STATEMENT
Edition statement [1st ed.]
260 ## - PUBLICATION, DISTRIBUTION, ETC.
Place of publication, distribution, etc. Bombay, Sole distributors:
Name of publisher, distributor, etc. Current Book House
Date of publication, distribution, etc. [1962]
300 ## - PHYSICAL DESCRIPTION
Extent 192 p.
Dimensions 19 cm.
650 #0 - SUBJECT ADDED ENTRY--TOPICAL TERM
Topical term or geographic name entry element Nutrition.
650 #0 - SUBJECT ADDED ENTRY--TOPICAL TERM
Topical term or geographic name entry element Diet in disease.

No items available.

Powered by Koha